000 00730nam a2200229 4500
001 35441
003 BD-RjUL
005 20211209052325.0
008 140525s1977 uk ||||| |||| 001 0 eng d
035 _a(BD-RjUL)35535
040 _cBD-RjUL
_dBD-RjUL
_aBD-RjUL
_beng
041 _aeng
082 _a610.151
_bBAM 1977
100 _a Norman T J Bailey
_9107908
245 _aMathematics, statistics, and systems for health /
_cNorman T J Bailey
260 _aChichester ; New York :
_bWiley,
_c©1977.
300 _ax, 222 p. ;
_c 24 cm.
490 _aWiley series in probability and mathematical statistics.
650 _a Medical statistics.
_9107909
650 _a Medicine -- Mathematics.
_9107910
942 _2ddc
_cBK
999 _c35441
_d35441